000
00270nam a2200097Ia 4500
001
983580
005
20250826221008.0
008
250824s9999 xx 000 0 und d
245
0
_a
Acayip Yarışmalar Diyarı / Uzay Maceraları
_c
Nazlı Aspay Şener
260
_b
GENÇ HAYAT
999
_c
983580
_d
983580